01301nam a2200157 a 4500020002700000020003000027082001400057100002000071245004200091250001200133260004200145300001300187520084800200650002501048856007001073 a0070571473 (hardcover) a9780070571471 (hardcover) a660.2 AUS1 aAustin,George.T10aShreve's Chemical process industries  a5th ed. a[S.l.] :bMcGraw-Hill Inc.,US,c1984. a856 p. ; aAll chemical engineers, chemists, plant and facility managers, and design engineers are familiar with Shreve's Chemical Process Industries Handbook, long an industry standard. Now in a thoroughly revised and updated sixth edition, the Handbook is more essential than ever. Comprehensive and authoritative, the Handbook covers every new development in the field of chemical processing with new sections on: Environmental pollution control--with key governmental regulations on air, water, and solid-waste pollution; New cogeneration technology, including electrical production and engineering advances; The chemistry and manufacture of batteries and other energy-storage devices; New photographic and imaging products; Electroplating and other surface-treatment technologies; Biotechnology--the basics of DNA, gene splicing, and cell culturing. achemical engineering40uhttp://www.amazon.com/exec/obidos/ASIN/0070571473/chopaconline-20